Statistické přehledy o čs. zemědělsko-potravinářském komplexu. Rostlinná a živočíšná výroba v 90. letech ve vybraných zemích (podle údajů FAO).
Poľnohospodárska, orná, lesná a zavlažovaná pôda vo vybraných krajinách. Poľnohospodárska a orná pôda na 1 obyvateľa, plochy základných plodín, ich index, osevné plochy obilnín, ich vývoj a štruktúra. Výroba základných plodín a jej vývoj. Priemerné hektárové výnosy. Stav hospodárskych zvierat podľa...
Enregistré dans:
| Format: | Chapitre de livre |
|---|---|
| Langue: | tchèque |
| Sujets: | |
| Tags: |
Pas de tags, Soyez le premier à ajouter un tag!
|
MARC
| LEADER | 00000naa a2200000 4500 | ||
|---|---|---|---|
| 001 | r008671 | ||
| 005 | 20221125081645.3 | ||
| 041 | 0 | |a cze | |
| 044 | |a [CS] | ||
| 245 | 1 | 0 | |a Statistické přehledy o čs. zemědělsko-potravinářském komplexu. |b Rostlinná a živočíšná výroba v 90. letech ve vybraných zemích (podle údajů FAO). |
| 520 | |a Poľnohospodárska, orná, lesná a zavlažovaná pôda vo vybraných krajinách. Poľnohospodárska a orná pôda na 1 obyvateľa, plochy základných plodín, ich index, osevné plochy obilnín, ich vývoj a štruktúra. Výroba základných plodín a jej vývoj. Priemerné hektárové výnosy. Stav hospodárskych zvierat podľa druhov na 100 ha pôdy. Indexy výroby živočíšnej produkcie. | ||
| 610 | 2 | 0 | |a výroba rastlinná |
| 610 | 2 | 0 | |a výroba živočíšna |
| 610 | 2 | 0 | |a údaje štatistické |
| 610 | 2 | 0 | |a 1985-1991 |
| 610 | 2 | 0 | |a Európa |
| 610 | 2 | 0 | |a indexy |
| 610 | 2 | 0 | |a pôda poľnohospodárska |
| 610 | 2 | 0 | |a výnosy hektárové |
| 610 | 2 | 0 | |a obilniny |
| 610 | 2 | 0 | |a zemiaky |
| 610 | 2 | 0 | |a repa cukrová |
| 610 | 2 | 0 | |a mäso |
| 610 | 2 | 0 | |a mlieko |